000 00500nam a2200193Ia 4500
005 20260429112053.0
008 260429s9999||||xx |||||||||||||| ||und||
020 _a9781835350058
041 _aEnglish
082 _a153
_bFAB
100 _aFaber, A.
245 0 _aStudy of cognitive psychology /
_cA. Faber
250 _a1st ed.
260 _aLondon :
_bETP ED- Tech Press,
_c2025.
300 _axv, 302 p.; hb
650 _a Human cognition
650 _aCognitive psychology
942 _cTB
999 _c52195
_d52195